[Event "Armenia ch 2007"]
[Site "Yerevan ARM"]
[Date "2007.01.16"]
[Round "1.1"]
[White "Minasian, Artashes"]
[Black "Anastasian, Ashot"]
[Result "1/2-1/2"]
[WhiteElo "2595"]
[BlackElo "2587"]
[PlyCount "107"]
[EventDate "2007.01.16"]
[EventType "tourn"]
[EventRounds "11"]
[EventCountry "ARM"]
[EventCategory "11"]
[Source "lmi"]
[SourceDate "2007.01.16"]

1. e4 c5 2. Nc3 a6 3. f4 b5 4. d4 cxd4 5. Qxd4 Nc6 6. Qf2 e6 7. Nf3 Nf6 8. e5
b4 9. Na4 Ne4 10. Qe3 d5 11. exd6 Nxd6 12. Nb6 Rb8 13. Nxc8 Qxc8 14. Bd3 Be7
15. Qe2 O-O 16. Bxa6 Qc7 17. Bd3 Bf6 18. O-O Nf5 19. Kh1 g6 20. Ng5 Bg7 21. Ne4
Rfd8 22. g4 Nfe7 23. Qg2 Nd4 24. Rb1 Qa5 25. c3 Nb3 26. Bc4 Nxc1 27. Rbxc1 bxc3
28. Nxc3 Rd4 29. Bb3 Rbd8 30. Rf2 h5 31. h3 hxg4 32. hxg4 Qb4 33. Rcf1 Bf6 34.
Qg3 Rd3 35. Rf3 Rd2 36. R1f2 Rxf2 37. Rxf2 Kg7 38. Qf3 Nd5 39. Nxd5 exd5 40.
Kg2 Qe1 41. Qe2 Qc1 42. Qd2 Qc5 43. Rf3 Rd7 44. g5 Bd8 45. f5 gxf5 46. Rxf5 Bb6
47. Qc3+ Qxc3 48. bxc3 d4 49. cxd4 Bxd4 50. Kf3 f6 51. Ke4 Kg6 52. Bc2 fxg5 53.
Rd5 Rc7 54. Bd3 1/2-1/2

[Event "Armenia ch 2007"]
[Site "Yerevan ARM"]
[Date "2007.01.16"]
[Round "1.2"]
[White "Asrian, Karen"]
[Black "Minasian, Ara"]
[Result "1-0"]
[WhiteElo "2634"]
[BlackElo "2457"]
[PlyCount "45"]
[EventDate "2007.01.16"]
[EventType "tourn"]
[EventRounds "11"]
[EventCountry "ARM"]
[EventCategory "11"]
[Source "lmi"]
[SourceDate "2007.01.16"]

1. e4 e5 2. Nf3 Nc6 3. Bc4 Nf6 4. Ng5 Bc5 5. Bxf7+ Ke7 6. Bd5 Rf8 7. O-O d6 8.
Bxc6 bxc6 9. Nf3 Bg4 10. d3 Qe8 11. Be3 Qh5 12. Nbd2 Bb6 13. a4 Bxf3 14. Qxf3
Qh4 15. Bxb6 axb6 16. Qg3 Qxg3 17. hxg3 Nd7 18. b3 g5 19. Nc4 d5 20. Ne3 Nc5
21. exd5 cxd5 22. Nxd5+ Kd6 23. Nc3 1-0

[Event "Armenia ch 2007"]
[Site "Yerevan ARM"]
[Date "2007.01.16"]
[Round "1.3"]
[White "Andriasian, Zaven"]
[Black "Yegiazarian, Arsen"]
[Result "1-0"]
[WhiteElo "2508"]
[BlackElo "2498"]
[PlyCount "69"]
[EventDate "2007.01.16"]
[EventType "tourn"]
[EventRounds "11"]
[EventCountry "ARM"]
[EventCategory "11"]
[Source "lmi"]
[SourceDate "2007.01.16"]

1. e4 c5 2. Nf3 e6 3. d4 cxd4 4. Nxd4 Nc6 5. Nc3 a6 6. Be3 Nf6 7. Nxc6 bxc6 8.
e5 Nd5 9. Nxd5 cxd5 10. Bd3 d6 11. Bd4 dxe5 12. Bxe5 Qg5 13. Qe2 Bc5 14. f4 Qh6
15. h4 Be7 16. O-O-O Bf6 17. Kb1 Bxe5 18. fxe5 O-O 19. Rdf1 Bd7 20. g4 Bb5 21.
g5 Qg6 22. Rhg1 Rab8 23. Rg2 Bxd3 24. cxd3 h5 25. Rf6 gxf6 26. gxf6 Kh7 27.
Rxg6 fxg6 28. Qc2 Rfc8 29. Qa4 Rc7 30. Qxa6 Rbc8 31. a4 Rc6 32. Qb7+ R8c7 33.
Qb4 Rf7 34. Qb8 Rfc7 35. Qe8 1-0

[Event "Armenia ch 2007"]
[Site "Yerevan ARM"]
[Date "2007.01.16"]
[Round "1.4"]
[White "Karatorossian, David"]
[Black "Pashikian, Arman"]
[Result "0-1"]
[WhiteElo "2375"]
[BlackElo "2532"]
[PlyCount "58"]
[EventDate "2007.01.16"]
[EventType "tourn"]
[EventRounds "11"]
[EventCountry "ARM"]
[EventCategory "11"]
[Source "lmi"]
[SourceDate "2007.01.16"]

1. c4 Nf6 2. g3 e6 3. Bg2 d5 4. Nf3 c6 5. b3 Be7 6. Bb2 O-O 7. O-O Nbd7 8. d3
Re8 9. Nbd2 Bf8 10. Qc2 a5 11. e4 dxe4 12. Nxe4 Nxe4 13. dxe4 e5 14. Ne1 Nc5
15. Bc3 Qb6 16. h3 f6 17. Kh1 Be6 18. f4 exf4 19. gxf4 Rad8 20. Rd1 Rxd1 21.
Qxd1 f5 22. e5 a4 23. b4 Ne4 24. Bxe4 fxe4 25. f5 Qe3 26. Qh5 Bf7 27. Qg4 Qxc3
28. e6 Bxe6 29. fxe6 Qxc4 0-1

[Event "Armenia ch 2007"]
[Site "Yerevan ARM"]
[Date "2007.01.16"]
[Round "1.5"]
[White "Nalbandian, Tigran"]
[Black "Petrosian, Tigran L"]
[Result "1/2-1/2"]
[WhiteElo "2523"]
[BlackElo "2592"]
[PlyCount "167"]
[EventDate "2007.01.16"]
[EventType "tourn"]
[EventRounds "11"]
[EventCountry "ARM"]
[EventCategory "11"]
[Source "lmi"]
[SourceDate "2007.01.16"]

1. Nf3 Nf6 2. c4 g6 3. Nc3 d5 4. cxd5 Nxd5 5. e4 Nxc3 6. dxc3 Qxd1+ 7. Kxd1 f6
8. Be3 e5 9. Bc4 Nd7 10. Nd2 Bc5 11. Bxc5 Nxc5 12. b4 Nd7 13. Kc2 Nb6 14. Bb3
a5 15. a3 Ke7 16. Rhd1 Rd8 17. Nc4 Rxd1 18. Rxd1 Nxc4 19. Bxc4 axb4 20. axb4
Be6 21. Bxe6 Kxe6 22. Kd3 f5 23. f3 Ra2 24. Rd2 Ra1 25. Kc4 fxe4 26. fxe4 Re1
27. Kd3 h5 28. Rf2 Rh1 29. h3 Rg1 30. Ke3 b6 31. Kd3 Re1 32. Rf8 Rd1+ 33. Ke3
Rg1 34. Rf2 Ke7 35. Kd2 Ra1 36. Ke3 Re1+ 37. Kd3 b5 38. Rc2 c6 39. Rf2 Ke6 40.
Re2 Rd1+ 41. Rd2 Rg1 42. Ke3 Rc1 43. Kd3 g5 44. Rf2 Rg1 45. Ke3 g4 46. hxg4
hxg4 47. Re2 Rc1 48. Kd3 Rf1 49. Re3 Kf6 50. Ke2 Rc1 51. g3 Rc2+ 52. Kd1 Rg2
53. Rd3 Ke6 54. Ke1 Rh2 55. Kf1 Rh8 56. Ke1 Rc8 57. Kd2 Ra8 58. Ke2 Ra4 59. Kd2
Ra1 60. Ke2 Ra8 61. Kd1 Ra2 62. Ke1 Ra7 63. Ke2 Rh7 64. Rd8 Rh2+ 65. Ke1 Ke7
66. Rd3 Rh8 67. Ke2 Rc8 68. Ke3 Ke6 69. Kd2 Rh8 70. Ke2 Ra8 71. Kd1 Ra1+ 72.
Ke2 Ra3 73. Kd1 Ke7 74. Ke2 Ra4 75. Ke3 Ra2 76. Rd2 Ra1 77. Ke2 Ra4 78. Ke3 Ra3
79. Rd3 Ke6 80. Ke2 Ra1 81. Rd8 Ra2+ 82. Ke1 Ke7 83. Rd3 Ra4 84. Ke2 1/2-1/2

[Event "Armenia ch 2007"]
[Site "Yerevan ARM"]
[Date "2007.01.16"]
[Round "1.6"]
[White "Chibukhchian, Artur"]
[Black "Kotanjian, Tigran"]
[Result "0-1"]
[WhiteElo "2410"]
[BlackElo "2524"]
[PlyCount "92"]
[EventDate "2007.01.16"]
[EventType "tourn"]
[EventRounds "11"]
[EventCountry "ARM"]
[EventCategory "11"]
[Source "lmi"]
[SourceDate "2007.01.16"]

1. e4 c5 2. Nc3 e6 3. Nge2 Nc6 4. d4 cxd4 5. Nxd4 a6 6. Nxc6 bxc6 7. Bd3 d5 8.
O-O Qc7 9. Qe2 Bb7 10. f4 Nf6 11. Bd2 Nd7 12. Rae1 Be7 13. Na4 O-O 14. e5 g6
15. f5 exf5 16. Bh6 Nc5 17. Bxf8 Bxf8 18. Nxc5 Bxc5+ 19. Kh1 Bc8 20. c4 d4 21.
Qd2 Rb8 22. Re2 Be6 23. Qf4 Qd8 24. Qf3 Rb6 25. h3 h5 26. g3 Bf8 27. Rg2 c5 28.
Qf4 Bg7 29. Kg1 Qe7 30. Re1 a5 31. Qf3 Qc7 32. Rge2 Bc8 33. Qf4 Be6 34. Qd2 Rb4
35. Qc2 Qc6 36. Rf1 Rb6 37. g4 hxg4 38. hxg4 fxg4 39. Bxg6 fxg6 40. Qxg6 g3 41.
Qxg3 Bxc4 42. Rf6 Qc7 43. Rg2 Re6 44. Qf3 Qxe5 45. Rf8+ Kh7 46. Rf7 Qe1+ 0-1

[Event "Armenia ch 2007"]
[Site "Yerevan ARM"]
[Date "2007.01.17"]
[Round "2.1"]
[White "Anastasian, Ashot"]
[Black "Kotanjian, Tigran"]
[Result "1-0"]
[WhiteElo "2587"]
[BlackElo "2524"]
[PlyCount "71"]
[EventDate "2007.01.16"]
[EventType "tourn"]
[EventRounds "11"]
[EventCountry "ARM"]
[EventCategory "11"]
[Source "lmi"]
[SourceDate "2007.01.16"]

1. c4 c5 2. Nc3 Nc6 3. Nf3 Nf6 4. d4 cxd4 5. Nxd4 e6 6. g3 Qb6 7. Nc2 Ne5 8. e4
Neg4 9. Qe2 Bc5 10. Nd1 d6 11. f4 h5 12. h3 Nh6 13. Bg2 Nhg8 14. Nc3 Ne7 15.
Rb1 Nc6 16. a3 Bd7 17. b4 Bd4 18. Nb5 Ke7 19. Nxd6 Bc3+ 20. Kf1 Nd4 21. Nxd4
Qxd6 22. Nf3 Qc6 23. Nh4 Rhc8 24. e5 Qxc4 25. exf6+ Bxf6 26. Qxc4 Rxc4 27. Be3
Bb5 28. Kg1 Rd8 29. Bf1 b6 30. Bxc4 Bxc4 31. Nf3 Rd3 32. Kf2 Rxa3 33. Rhd1 Bc3
34. Bd4 Ra2+ 35. Kg1 Bxd4+ 36. Rxd4 1-0

[Event "Armenia ch 2007"]
[Site "Yerevan ARM"]
[Date "2007.01.17"]
[Round "2.2"]
[White "Petrosian, Tigran L"]
[Black "Chibukhchian, Artur"]
[Result "1-0"]
[WhiteElo "2592"]
[BlackElo "2410"]
[PlyCount "55"]
[EventDate "2007.01.16"]
[EventType "tourn"]
[EventRounds "11"]
[EventCountry "ARM"]
[EventCategory "11"]
[Source "lmi"]
[SourceDate "2007.01.16"]

1. e4 c5 2. Nc3 e6 3. Nf3 a6 4. d4 cxd4 5. Nxd4 Qc7 6. Be2 Nf6 7. O-O Nc6 8.
Be3 Bb4 9. Na4 Bd6 10. g3 b5 11. Nb6 Rb8 12. Nxc8 Rxc8 13. c4 bxc4 14. Nxc6
Qxc6 15. Rc1 Ke7 16. Rxc4 Qb7 17. Ra4 Qxb2 18. Rxa6 Bb8 19. Bf3 Rhd8 20. Bd4
Qb5 21. Rb6 Qc4 22. Qd2 e5 23. Bb2 Nxe4 24. Bxe4 Qxe4 25. Re1 Qc2 26. Qb4+ d6
27. Bxe5 Kd7 28. Rxd6+ 1-0

[Event "Armenia ch 2007"]
[Site "Yerevan ARM"]
[Date "2007.01.17"]
[Round "2.3"]
[White "Pashikian, Arman"]
[Black "Nalbandian, Tigran"]
[Result "0-1"]
[WhiteElo "2532"]
[BlackElo "2523"]
[PlyCount "54"]
[EventDate "2007.01.16"]
[EventType "tourn"]
[EventRounds "11"]
[EventCountry "ARM"]
[EventCategory "11"]
[Source "lmi"]
[SourceDate "2007.01.16"]

1. d4 Nf6 2. Nf3 g6 3. c4 Bg7 4. Nc3 c5 5. e4 O-O 6. Be2 d6 7. O-O cxd4 8. Nxd4
Nc6 9. Nc2 Be6 10. Bg5 Qa5 11. Bd2 Rfc8 12. Re1 a6 13. Rc1 Qd8 14. Bf1 Nd7 15.
Ne3 Nce5 16. b3 Nc5 17. Qc2 b5 18. cxb5 axb5 19. Qb1 h5 20. Nxb5 h4 21. Be2 h3
22. g3 Qb6 23. Nd5 Bxd5 24. exd5 Ncd3 25. Rxc8+ Rxc8 26. Qxd3 Nxd3 27. Bxd3 Rc5
0-1

[Event "Armenia ch 2007"]
[Site "Yerevan ARM"]
[Date "2007.01.17"]
[Round "2.4"]
[White "Yegiazarian, Arsen"]
[Black "Karatorossian, David"]
[Result "1/2-1/2"]
[WhiteElo "2498"]
[BlackElo "2375"]
[PlyCount "138"]
[EventDate "2007.01.16"]
[EventType "tourn"]
[EventRounds "11"]
[EventCountry "ARM"]
[EventCategory "11"]
[Source "lmi"]
[SourceDate "2007.01.16"]

1. e4 e6 2. d4 d5 3. Nd2 Nf6 4. e5 Nfd7 5. Bd3 c5 6. c3 b6 7. Nh3 Ba6 8. Bxa6
Nxa6 9. Nf4 b5 10. O-O cxd4 11. cxd4 Qb6 12. Nb3 Be7 13. Qg4 g6 14. Be3 Rc8 15.
Rac1 Rc4 16. Nd2 Rc7 17. h4 Nb4 18. Nf3 Nxa2 19. Rxc7 Qxc7 20. Nxe6 fxe6 21.
Qxe6 Nf8 22. Qxd5 Nb4 23. Qxb5+ Qd7 24. Qb8+ Qd8 25. Qxa7 Ne6 26. Ng5 Nxg5 27.
Bxg5 Nd5 28. Bxe7 Qxe7 29. Qa8+ Qd8 30. Qc6+ Qd7 31. Qa8+ Qd8 32. Qxd8+ Kxd8
33. Ra1 Kd7 34. Ra6 Nc7 35. Rb6 Rd8 36. h5 gxh5 37. Rh6 Kc8 38. Rxh7 Rxd4 39.
Rxh5 Ne6 40. g3 Kd7 41. Rh4 Rd2 42. b4 Nd4 43. Kg2 Ke6 44. Rh5 Rb2 45. Rg5 Rxb4
46. f4 Rb3 47. Kh3 Nf5 48. Rg8 Kf7 49. Rg5 Ke6 50. Rg6+ Ke7 51. Kg2 Rb2+ 52.
Kf3 Rb3+ 53. Kf2 Rb2+ 54. Kf3 Rb3+ 55. Kg4 Nxg3 56. Ra6 Kf7 57. Rh6 Ne4 58. f5
Nf2+ 59. Kg5 Nh3+ 60. Kh4 Nf2 61. Rh7+ Kf8 62. Ra7 Rb5 63. Ra8+ Ke7 64. f6+ Ke6
65. Re8+ Kf7 66. Re7+ Kf8 67. e6 Ne4 68. Rf7+ Ke8 69. Re7+ Kf8 1/2-1/2

[Event "Armenia ch 2007"]
[Site "Yerevan ARM"]
[Date "2007.01.17"]
[Round "2.5"]
[White "Minasian, Ara"]
[Black "Andriasian, Zaven"]
[Result "1/2-1/2"]
[WhiteElo "2457"]
[BlackElo "2508"]
[PlyCount "94"]
[EventDate "2007.01.16"]
[EventType "tourn"]
[EventRounds "11"]
[EventCountry "ARM"]
[EventCategory "11"]
[Source "lmi"]
[SourceDate "2007.01.16"]

1. c4 e5 2. Nc3 Nf6 3. Nf3 Nc6 4. d4 exd4 5. Nxd4 Bc5 6. e3 O-O 7. Be2 Nxd4 8.
exd4 Be7 9. Bf3 c6 10. O-O d6 11. Re1 Bf5 12. Bf4 Re8 13. Qb3 Qd7 14. h3 h6 15.
d5 c5 16. Qa4 Qd8 17. Re3 Bf8 18. Rxe8 Nxe8 19. Re1 a6 20. Be4 Bxe4 21. Nxe4
Nf6 22. Nc3 Rb8 23. b4 cxb4 24. Qxb4 Rc8 25. Ne4 Nxe4 26. Rxe4 Qd7 27. a4 g5
28. Be3 Bg7 29. g4 Be5 30. Qb6 Qxa4 31. Qxb7 Rxc4 32. Qc8+ Rxc8 33. Rxa4 Ra8
34. Kg2 Bc3 35. Rc4 Bb2 36. Ra4 Kg7 37. Kf3 Kg6 38. Ke4 Be5 39. Bd2 Bf6 40. f4
gxf4 41. Bxf4 Be7 42. Bd2 Bg5 43. Bb4 Re8+ 44. Kd4 Bf6+ 45. Kd3 Re5 46. Ra5 Be7
47. Kd4 f5 1/2-1/2

[Event "Armenia ch 2007"]
[Site "Yerevan ARM"]
[Date "2007.01.17"]
[Round "2.6"]
[White "Minasian, Artashes"]
[Black "Asrian, Karen"]
[Result "1/2-1/2"]
[WhiteElo "2595"]
[BlackElo "2634"]
[PlyCount "25"]
[EventDate "2007.01.16"]
[EventType "tourn"]
[EventRounds "11"]
[EventCountry "ARM"]
[EventCategory "11"]
[Source "lmi"]
[SourceDate "2007.01.16"]

1. e4 e5 2. Nf3 Nc6 3. Bc4 Bc5 4. d3 Nf6 5. Nc3 d6 6. Bg5 h6 7. Bxf6 Qxf6 8.
Nd5 Qd8 9. c3 a6 10. d4 exd4 11. cxd4 Ba7 12. h3 O-O 13. O-O 1/2-1/2

[Event "Armenia ch 2007"]
[Site "Yerevan ARM"]
[Date "2007.01.18"]
[Round "3.1"]
[White "Asrian, Karen"]
[Black "Anastasian, Ashot"]
[Result "1/2-1/2"]
[WhiteElo "2634"]
[BlackElo "2587"]
[PlyCount "28"]
[EventDate "2007.01.16"]
[EventType "tourn"]
[EventRounds "11"]
[EventCountry "ARM"]
[EventCategory "11"]
[Source "lmi"]
[SourceDate "2007.01.16"]

1. e4 e6 2. d4 d5 3. Nd2 c5 4. exd5 Qxd5 5. Ngf3 cxd4 6. Bc4 Qd6 7. O-O Nf6 8.
Nb3 Nc6 9. Nbxd4 Nxd4 10. Nxd4 a6 11. Re1 Bd7 12. Bg5 O-O-O 13. Re3 Qc7 14. Qf3
e5 1/2-1/2

[Event "Armenia ch 2007"]
[Site "Yerevan ARM"]
[Date "2007.01.18"]
[Round "3.2"]
[White "Andriasian, Zaven"]
[Black "Minasian, Artashes"]
[Result "1/2-1/2"]
[WhiteElo "2508"]
[BlackElo "2595"]
[PlyCount "41"]
[EventDate "2007.01.16"]
[EventType "tourn"]
[EventRounds "11"]
[EventCountry "ARM"]
[EventCategory "11"]
[Source "lmi"]
[SourceDate "2007.01.16"]

1. e4 c6 2. d4 d5 3. Nc3 dxe4 4. Nxe4 Bf5 5. Ng3 Bg6 6. Bc4 e6 7. N1e2 Bd6 8.
Nf4 Nf6 9. c3 Nbd7 10. h4 Qc7 11. Qf3 O-O-O 12. Nxg6 hxg6 13. Bg5 c5 14. Bb3
cxd4 15. cxd4 Kb8 16. O-O Rdf8 17. Rac1 Qa5 18. Rfd1 Ka8 19. Rc3 Nd5 20. Rcc1
N5f6 21. Rc3 1/2-1/2

[Event "Armenia ch 2007"]
[Site "Yerevan ARM"]
[Date "2007.01.18"]
[Round "3.3"]
[White "Karatorossian, David"]
[Black "Minasian, Ara"]
[Result "0-1"]
[WhiteElo "2375"]
[BlackElo "2457"]
[PlyCount "164"]
[EventDate "2007.01.16"]
[EventType "tourn"]
[EventRounds "11"]
[EventCountry "ARM"]
[EventCategory "11"]
[Source "lmi"]
[SourceDate "2007.01.16"]

1. e4 e5 2. Nf3 Nc6 3. Bb5 a6 4. Ba4 Nf6 5. O-O Be7 6. Re1 d6 7. c3 Bg4 8. d3
O-O 9. Nbd2 Re8 10. Nf1 h6 11. Ng3 Bf8 12. h3 Bd7 13. d4 g6 14. Bc2 Bg7 15. Be3
Qe7 16. Qd2 Qf8 17. d5 Na5 18. b3 Nh7 19. Nh2 b6 20. Bd3 Ra7 21. f4 exf4 22.
Bxf4 Nb7 23. Nf3 Nc5 24. Bc2 Bc8 25. Rf1 Nd7 26. Rae1 h5 27. Ne2 Ra8 28. Ned4
Ne5 29. Be3 Bd7 30. Re2 Qe7 31. Nxe5 dxe5 32. Nf3 a5 33. c4 Bf6 34. c5 bxc5 35.
Qc3 Bb5 36. Bxc5 Qd7 37. Bd3 Bxd3 38. Qxd3 c6 39. d6 Rab8 40. Nd2 Rb5 41. Be3
Bd8 42. Nc4 Qe6 43. a4 Rb7 44. Rb2 Nf8 45. b4 axb4 46. a5 c5 47. Bxc5 Nd7 48.
Bxb4 Bg5 49. a6 Ra7 50. Ra1 Rea8 51. Rba2 Bd8 52. Kh1 Rb8 53. Ra4 Nb6 54. Bc5
Nxa4 55. Bxa7 Ra8 56. Rxa4 Rxa7 57. Qd5 Qc8 58. Qb5 Kh7 59. Ra1 Qa8 60. Qd5
Qxd5 61. exd5 e4 62. Kg1 Bf6 63. Ra4 Bd4+ 64. Kf1 Bc5 65. Ne5 Bxd6 66. Nc6 Ra8
67. a7 f5 68. Ra5 Kg7 69. Rb5 Kf6 70. Rb7 f4 71. Ke2 g5 72. Rh7 Bc5 73. Rc7 g4
74. hxg4 hxg4 75. Rb7 f3+ 76. Kf1 Rh8 77. gxf3 exf3 78. Ke1 f2+ 79. Ke2 Rh1 80.
a8=Q f1=Q+ 81. Kd2 Qc1+ 82. Kd3 Rd1+ 0-1

[Event "Armenia ch 2007"]
[Site "Yerevan ARM"]
[Date "2007.01.18"]
[Round "3.4"]
[White "Nalbandian, Tigran"]
[Black "Yegiazarian, Arsen"]
[Result "1/2-1/2"]
[WhiteElo "2523"]
[BlackElo "2498"]
[PlyCount "81"]
[EventDate "2007.01.16"]
[EventType "tourn"]
[EventRounds "11"]
[EventCountry "ARM"]
[EventCategory "11"]
[Source "lmi"]
[SourceDate "2007.01.16"]

1. d4 Nf6 2. Bg5 e6 3. e4 c5 4. d5 h6 5. Bxf6 Qxf6 6. Nc3 a6 7. Qd2 d6 8. f4 g5
9. g3 gxf4 10. Qxf4 Nd7 11. dxe6 fxe6 12. Bh3 h5 13. Nf3 Bg7 14. Rd1 Ne5 15.
Rf1 Qxf4 16. gxf4 Nc4 17. Rg1 Bxc3+ 18. bxc3 Rf8 19. Bf1 Rxf4 20. Bxc4 Rxf3 21.
Rxd6 Re3+ 22. Be2 Ke7 23. Rd3 Rxe4 24. Rg8 e5 25. Rd2 b5 26. Kf2 Rf4+ 27. Ke3
Re4+ 28. Kf2 Rf4+ 29. Kg1 Rf8 30. Rxf8 Kxf8 31. Bf3 Rb8 32. Rd8+ Ke7 33. Rh8
Kd6 34. Bxh5 Kc7 35. Re8 b4 36. Rxe5 Kd6 37. Re8 bxc3 38. Kf2 Kc7 39. Re3 Bf5
40. Rxc3 Kd6 41. Be2 1/2-1/2

[Event "Armenia ch 2007"]
[Site "Yerevan ARM"]
[Date "2007.01.18"]
[Round "3.5"]
[White "Chibukhchian, Artur"]
[Black "Pashikian, Arman"]
[Result "0-1"]
[WhiteElo "2410"]
[BlackElo "2532"]
[PlyCount "142"]
[EventDate "2007.01.16"]
[EventType "tourn"]
[EventRounds "11"]
[EventCountry "ARM"]
[EventCategory "11"]
[Source "lmi"]
[SourceDate "2007.01.16"]

1. d4 Nf6 2. c4 e6 3. Nc3 Bb4 4. e3 O-O 5. Nge2 d5 6. a3 Bd6 7. Ng3 c6 8. Bd3
e5 9. dxe5 Bxe5 10. O-O Be6 11. cxd5 cxd5 12. Bd2 d4 13. exd4 Qxd4 14. Bg5 Nc6
15. Nb5 Qd7 16. Qc2 h6 17. Bxf6 Bxf6 18. Bh7+ Kh8 19. Rad1 Qe7 20. Nf5 Bxf5 21.
Bxf5 Qe5 22. a4 a6 23. Rfe1 Qf4 24. g3 Qb4 25. Nc7 Rad8 26. Nxa6 Qa5 27. b4 Qb6
28. Rxd8 Rxd8 29. Nc5 Nd4 30. Qe4 g6 31. Qxb7 Qxb7 32. Nxb7 Nf3+ 33. Kf1 Rb8
34. Re3 Nxh2+ 35. Kg2 gxf5 36. Nd6 Ng4 37. Rb3 Be7 38. Nxf5 Rxb4 39. Rxb4 Bxb4
40. f3 Ne5 41. Nxh6 Kh7 42. Nf5 Nd3 43. f4 Nb2 44. Kf3 Nxa4 45. g4 Bd2 46. g5
Nc3 47. Nd6 Kg7 48. Kg4 Nd5 49. f5 Ne3+ 50. Kh5 Bb4 51. f6+ Kg8 52. Nb5 Kh7 53.
Nd4 Bd6 54. Nf3 Nf5 55. Nd2 Ng3+ 56. Kg4 Kg6 57. Nc4 Bb8 58. Nd2 Nf5 59. Ne4
Ba7 60. Nc3 Be3 61. Ne4 Bc1 62. Nf2 Bxg5 63. Nd3 Nh6+ 64. Kf3 Kxf6 65. Nc5 Ke5
66. Ne4 Be7 67. Nd2 f5 68. Nc4+ Kf6 69. Ne3 Bd6 70. Nc4 Nf7 71. Ne3 Ng5+ 0-1

[Event "Armenia ch 2007"]
[Site "Yerevan ARM"]
[Date "2007.01.18"]
[Round "3.6"]
[White "Kotanjian, Tigran"]
[Black "Petrosian, Tigran L"]
[Result "1-0"]
[WhiteElo "2524"]
[BlackElo "2592"]
[PlyCount "155"]
[EventDate "2007.01.16"]
[EventType "tourn"]
[EventRounds "11"]
[EventCountry "ARM"]
[EventCategory "11"]
[Source "lmi"]
[SourceDate "2007.01.16"]

1. d4 Nf6 2. c4 g6 3. Nc3 d5 4. cxd5 Nxd5 5. e4 Nxc3 6. bxc3 Bg7 7. Be3 c5 8.
Rc1 Qa5 9. Qd2 cxd4 10. cxd4 Qxd2+ 11. Kxd2 O-O 12. Nf3 Nc6 13. d5 Rd8 14. Ke1
Na5 15. Bf4 Bd7 16. Bd3 Rdc8 17. Ke2 b5 18. Ne5 Be8 19. g4 f6 20. Nf3 Nc4 21.
Nd4 f5 22. Nc6 Bxc6 23. dxc6 Rxc6 24. exf5 gxf5 25. Bxf5 Rf8 26. Bg3 Ra6 27.
Rc2 e6 28. Bd3 Ra4 29. g5 Na3 30. Rc7 Nc4 31. Re1 Rd8 32. Bb1 Rb4 33. Be4 Nd2
34. Bc2 Ne4 35. Kf3 Nxg5+ 36. Kg2 Rc4 37. Bb3 Rxc7 38. Bxc7 Rd4 39. f4 Rd2+ 40.
Kg3 Bd4 41. Kg4 Rg2+ 42. Kh5 Nf7 43. Rxe6 Rxh2+ 44. Kg4 Kf8 45. Ba5 Nh6+ 46.
Kg3 Rh1 47. Kg2 Rg1+ 48. Kf3 Ng4 49. Bb4+ Kg7 50. Re7+ Kg6 51. Rd7 Nh2+ 52. Ke4
Ba1 53. Rxa7 Ng4 54. f5+ Kg5 55. Bd2+ Kh4 56. Rxh7+ Kg3 57. Bf4+ Kf2 58. Rh3
Re1+ 59. Kd5 Re8 60. Kc6 b4 61. Be6 Ne5+ 62. Kd6 Rd8+ 63. Kc7 Rd3 64. Rxd3 Nxd3
65. Bg5 Nc5 66. Bd5 Ke2 67. f6 Kd3 68. f7 Bg7 69. Kc6 Bf8 70. Bf4 b3 71. Bxb3
Ne4 72. Bd5 Nf6 73. Bd6 Bh6 74. a4 Kd4 75. Be6 Ne4 76. a5 Nxd6 77. Kxd6 Bf4+
78. Kc6 1-0

[Event "Armenia ch 2007"]
[Site "Yerevan ARM"]
[Date "2007.01.19"]
[Round "4.1"]
[White "Anastasian, Ashot"]
[Black "Petrosian, Tigran L"]
[Result "1-0"]
[WhiteElo "2587"]
[BlackElo "2592"]
[PlyCount "135"]
[EventDate "2007.01.16"]
[EventType "tourn"]
[EventRounds "11"]
[EventCountry "ARM"]
[EventCategory "11"]
[Source "lmi"]
[SourceDate "2007.01.16"]

1. d4 Nf6 2. c4 e6 3. Nc3 Bb4 4. Qc2 d5 5. cxd5 exd5 6. a3 Bxc3+ 7. Qxc3 Ne4 8.
Qc2 Bf5 9. Qd1 Qf6 10. Nf3 g5 11. Be3 O-O 12. g4 Bg6 13. h4 gxh4 14. Rxh4 c5
15. g5 Qb6 16. dxc5 Qxb2 17. Qd4 Qxd4 18. Nxd4 Nc6 19. Nxc6 bxc6 20. f3 Ng3 21.
Rb4 Nxf1 22. Kxf1 Rfb8 23. Bf4 Rxb4 24. axb4 a6 25. Kf2 Kf8 26. Ke3 Ke7 27. Be5
Kd7 28. Kd4 Kc8 29. b5 Kb7 30. b6 Re8 31. e4 dxe4 32. fxe4 Rd8+ 33. Ke3 Re8 34.
Kf4 Rd8 35. Bd6 Re8 36. Ra4 Rd8 37. e5 Rd7 38. Ke3 Rd8 39. Kd4 Re8 40. Kc3 Rd8
41. Rf4 a5 42. Kb3 Ka6 43. Ka3 Bh5 44. Rf2 Bg6 45. Rb2 Rd7 46. Rb3 Bh5 47. Rb2
Bg6 48. Rf2 Rd8 49. Ka4 Bh5 50. Rb2 Rd7 51. Rf2 Rd8 52. Rf6 Bg6 53. Kb3 Be4 54.
Kc3 Bd5 55. Rh6 Rh8 56. Be7 Re8 57. Bf6 Kb5 58. Rxh7 Kxc5 59. e6 fxe6 60. b7
Kd6 61. g6 e5 62. Be7+ Ke6 63. Bc5 Kf6 64. Rc7 Rb8 65. g7 Bf7 66. Bd6 Bd5 67.
Rd7 Ke6 68. Bxb8 1-0

[Event "Armenia ch 2007"]
[Site "Yerevan ARM"]
[Date "2007.01.19"]
[Round "4.2"]
[White "Pashikian, Arman"]
[Black "Kotanjian, Tigran"]
[Result "1-0"]
[WhiteElo "2532"]
[BlackElo "2524"]
[PlyCount "73"]
[EventDate "2007.01.16"]
[EventType "tourn"]
[EventRounds "11"]
[EventCountry "ARM"]
[EventCategory "11"]
[Source "lmi"]
[SourceDate "2007.01.16"]

1. d4 d5 2. c4 c6 3. Nc3 Nf6 4. Nf3 e6 5. Bg5 dxc4 6. e4 b5 7. e5 h6 8. Bh4 g5
9. exf6 gxh4 10. Ne5 Qxf6 11. g3 a6 12. Bg2 Ra7 13. O-O Rc7 14. Re1 hxg3 15.
hxg3 Qd8 16. d5 cxd5 17. Nxd5 Rb7 18. Nxc4 bxc4 19. Qd4 Rb5 20. Rad1 Rxd5 21.
Bxd5 Rg8 22. Bxe6 Qxd4 23. Bxc8+ Kd8 24. Rxd4+ Kxc8 25. Re8+ Kc7 26. Rxc4+ Nc6
27. b4 Kd7 28. Ra8 Ne5 29. Rcc8 Ng6 30. Rc4 Ne5 31. Re4 f6 32. a4 Kc7 33. Rxa6
Bd6 34. Kg2 Rb8 35. f4 Nf7 36. b5 Kb7 37. Re6 1-0

[Event "Armenia ch 2007"]
[Site "Yerevan ARM"]
[Date "2007.01.19"]
[Round "4.3"]
[White "Yegiazarian, Arsen"]
[Black "Chibukhchian, Artur"]
[Result "1-0"]
[WhiteElo "2498"]
[BlackElo "2410"]
[PlyCount "81"]
[EventDate "2007.01.16"]
[EventType "tourn"]
[EventRounds "11"]
[EventCountry "ARM"]
[EventCategory "11"]
[Source "lmi"]
[SourceDate "2007.01.16"]

1. e4 c5 2. Nf3 Nc6 3. Bb5 g6 4. Bxc6 dxc6 5. d3 Bg7 6. h3 e5 7. Nc3 Qe7 8. Be3
Nf6 9. Qd2 h6 10. O-O Nh5 11. Ne2 b6 12. Nh2 g5 13. a3 Be6 14. b4 cxb4 15. axb4
O-O 16. Rad1 Nf4 17. Rfe1 Rad8 18. f3 Rd6 19. Ng3 Kh7 20. Ng4 Rfd8 21. Bf2 Qd7
22. Ne3 Bxh3 23. gxh3 Qxh3 24. Rf1 h5 25. Be1 Qd7 26. Qh2 Rh8 27. Nef5 Rg6 28.
Bc3 Bf6 29. d4 exd4 30. Bxd4 Bxd4+ 31. Rxd4 Qe8 32. Nxh5 Kg8 33. Rfd1 Rxh5 34.
Rd8 Qxd8 35. Rxd8+ Kh7 36. Qd2 Nh3+ 37. Kf1 Nf4 38. Qd7 Rh1+ 39. Kf2 Rh2+ 40.
Kg1 Rg2+ 41. Kf1 1-0